000 00990cam a2200193 4500
001 X110857
008 000000n2001 000 0 eng u
035 _a(Sirsi) u110857
245 _aBerkley v SoS Environment and others
260 _c2001
490 _aJournal of Planning and Environment Law
_v[2001] JPL 58-83(26)
520 _aHL 6 July 2000. Environmental impact assessment.- Counci Directive 85/227 - Town and Country Planning (Assessment of Environmental Effects) Regulations 1988 - substantial compliance - Town and Country Planning (Assessment of Environmental Effects) Regulations 1988 - substantial compliance - Town and Country Planning Act 1990. (Taken from headnote)
650 _aBERKELEY V SOS ENVIRONMENT
650 _aENVIRONMENTAL IMPACT ASSESSMENTS
650 _aTOWN AND COUNTRY PLANNING (ASSESSMENT OF ENVIRONMENTAL EFFECTS) REGULATIONS 1988
650 _aTOWN AND COUNTRY PLANNING ACT 1990 S288
690 _aPlanning and development
_96259
942 _n0
999 _c66086
_d66086